[Event "Metz op 29th"]
[Site "Metz"]
[Date "2011.05.05"]
[Round "6"]
[White "Achereiner, Guillaume"]
[Black "Migot, Tangi"]
[Result "0-1"]
[WhiteElo "2044"]
[BlackElo "2272"]
[PlyCount "60"]
[EventDate "2011.05.02"]
[EventType "swiss"]
[EventRounds "9"]
[EventCountry "FRA"]
[SourceTitle "CBM 142 Extra"]
[Source "ChessBase"]
[SourceDate "2011.06.27"]
[SourceVersion "1"]
[SourceVersionDate "2011.06.27"]
[SourceQuality "1"]

1. d4 Nf6 2. c4 g6 3. Nc3 Bg7 4. e4 d6 5. Be2 0-0 6. Nf3 Nbd7 7. 0-0 e5 8. d5 Nc5 9. Qc2 a5 10. b3 Nh5 11. Ne1 Nf4 12. Nd3 f5 13. Nxc5 dxc5 14. Bf3 Bd7 15. Be3 b6 16. Rae1 Qh4 17. g3 Nh3+ 18. Kg2 Qf6 19. exf5 gxf5 20. Bd2 Ng5 21. Bxg5 Qxg5 22. Bd1 Qf6 23. f3 Kh8 24. Re3 Qh6 25. f4 exf4 26. Rxf4 Rae8 27. Rxe8 Rxe8 28. Rf2 f4 29. Qd2 Bh3+ 30. Kh1 fxg3 0-1

[Event "Metz op 29th"]
[Site "Metz"]
[Date "2011.05.05"]
[Round "5"]
[White "Colson, Arnaud"]
[Black "Achereiner, Guillaume"]
[Result "1/2-1/2"]
[WhiteElo "2157"]
[BlackElo "2044"]
[PlyCount "65"]
[EventDate "2011.05.02"]
[EventType "swiss"]
[EventRounds "9"]
[EventCountry "FRA"]
[SourceTitle "CBM 142 Extra"]
[Source "ChessBase"]
[SourceDate "2011.06.27"]
[SourceVersion "1"]
[SourceVersionDate "2011.06.27"]
[SourceQuality "1"]

1. e4 c5 2. Nf3 Nc6 3. Bb5 g6 4. Bxc6 dxc6 5. 0-0 Bg7 6. d3 Nf6 7. h3 0-0 8. Nc3 Nd7 9. Be3 e5 10. Qd2 Qe7 11. Nh2 Re8 12. f4 exf4 13. Bxf4 Ne5 14. Nf3 Nxf3+ 15. Rxf3 Be6 16. Raf1 Qd7 17. Kh1 c4 18. e5 cxd3 19. Rxd3 Qc7 20. Ne4 Red8 21. Nd6 Rd7 22. Rd1 Rf8 23. b3 c5 24. c4 Qc6 25. Qe3 a6 26. Kh2 b5 27. Bh6 Bxh6 28. Qxh6 f5 29. exf6 Rxf6 30. Qh4 Rf8 31. Qg3 bxc4 32. bxc4 Rfd8 33. h4 1/2-1/2

[Event "FRA-ch op-A"]
[Site "Belfort"]
[Date "2010.08.10"]
[Round "1"]
[White "Achereiner, Guillaume"]
[Black "Defrance, Laurent"]
[Result "1/2-1/2"]
[WhiteElo "2028"]
[BlackElo "2190"]
[PlyCount "40"]
[EventDate "2010.08.09"]
[EventType "swiss"]
[EventRounds "11"]
[EventCountry "FRA"]
[SourceTitle "CBM 138 Extra"]
[Source "ChessBase"]
[SourceDate "2010.10.29"]
[SourceVersion "1"]
[SourceVersionDate "2010.10.29"]
[SourceQuality "1"]

1. d4 d5 2. c4 dxc4 3. e4 e5 4. Nf3 Bb4+ 5. Bd2 Bxd2+ 6. Nbxd2 exd4 7. Bxc4 Nc6 8. Qb3 Qf6 9. 0-0 Nge7 10. Rfe1 0-0 11. e5 Qg6 12. Bd3 Qh5 13. Rac1 Rb8 14. Re4 Bf5 15. Rh4 Qg6 16. Ne4 Qe6 17. Bc4 Qg6 18. Bd3 Qe6 19. Bc4 Qg6 20. Bd3 Qe6 1/2-1/2

[Event "FRA-chT2 East 0809"]
[Site "France"]
[Date "2009.03.15"]
[Round "9.6"]
[White "Rocher, Olivier"]
[Black "Achereiner, Guillaume"]
[Result "1/2-1/2"]
[WhiteElo "2117"]
[BlackElo "2048"]
[PlyCount "124"]
[EventDate "2008.10.19"]
[EventType "tourn"]
[EventRounds "11"]
[EventCountry "FRA"]
[SourceTitle "EXT 2010"]
[Source "ChessBase"]
[SourceDate "2010.11.25"]
[SourceVersion "1"]
[SourceVersionDate "2010.11.25"]
[SourceQuality "1"]
[WhiteTeam "Strasbourg II"]
[BlackTeam "Vandoeuvre II"]
[WhiteTeamCountry "FRA"]
[BlackTeamCountry "FRA"]

1. d4 d5 2. Nf3 e6 3. g3 Nf6 4. Bg2 Be7 5. 0-0 0-0 6. c4 dxc4 7. Qc2 a6 8. Qxc4 b5 9. Qc2 Bb7 10. Bd2 Be4 11. Qc1 Ra7 12. Nc3 Bb7 13. Rd1 Nbd7 14. a3 Qa8 15. b4 Nb6 16. Ne1 Bxg2 17. Nxg2 Nc4 18. Be1 Rd8 19. Ne3 Nxe3 20. Qxe3 Nd5 21. Nxd5 Qxd5 22. f3 a5 23. Bc3 axb4 24. Bxb4 Bxb4 25. axb4 Rxa1 26. Rxa1 h6 27. Ra7 Qxd4 28. Qxd4 Rxd4 29. Rxc7 Rxb4 30. Rb7 f6 31. Re7 e5 32. Rb7 Kh7 33. g4 Rb2 34. Kf2 b4 35. h4 h5 36. gxh5 Kh6 37. Ke3 b3 38. Kd3 Rb1 39. Rb8 Kxh5 40. Rh8+ Kg6 41. Rb8 Rb2 42. Ke3 f5 43. Rb6+ Kh5 44. Rb7 f4+ 45. Kd3 Kxh4 46. Rxg7 Ra2 47. Rg1 b2 48. Rb1 Kg3 49. Ke4 Ra3 50. Rxb2 Re3+ 51. Kf5 Kf2 52. Kg4 Rxe2 53. Rb4 Kg2 54. Rb3 Kf2 55. Ra3 Re1 56. Ra2+ Ke3 57. Ra3+ Kd4 58. Ra4+ Kd3 59. Ra3+ Kc4 60. Ra4+ Kb5 61. Ra8 Re3 62. Rc8 e4 1/2-1/2

[Event "FRA-chT2 East 0809"]
[Site "France"]
[Date "2009.02.08"]
[Round "7.5"]
[White "Xheladini, Fikri"]
[Black "Achereiner, Guillaume"]
[Result "1-0"]
[WhiteElo "2094"]
[BlackElo "2048"]
[PlyCount "61"]
[EventDate "2008.10.19"]
[EventType "tourn"]
[EventRounds "11"]
[EventCountry "FRA"]
[SourceTitle "EXT 2010"]
[Source "ChessBase"]
[SourceDate "2010.11.25"]
[SourceVersion "1"]
[SourceVersionDate "2010.11.25"]
[SourceQuality "1"]
[WhiteTeam "Mulhouse IV"]
[BlackTeam "Vandoeuvre II"]
[WhiteTeamCountry "FRA"]
[BlackTeamCountry "FRA"]

1. e4 c5 2. Bc4 Nc6 3. Nf3 e6 4. Qe2 Bd6 5. a3 Nf6 6. d3 Be7 7. c3 0-0 8. h3 d5 9. Ba2 Qc7 10. Bg5 dxe4 11. dxe4 h6 12. Bh4 b6 13. Bg3 e5 14. Nbd2 Nh5 15. Bd5 Nxg3 16. fxg3 Bb7 17. Nc4 b5 18. Ne3 c4 19. Nf5 Na5 20. Nh2 Bxd5 21. exd5 Kh7 22. 0-0 g6 23. Nxe7 Qxe7 24. Ng4 f6 25. Rad1 h5 26. d6 Qe6 27. Nf2 Nb7 28. Ne4 Rad8 29. Qf2 Nxd6 30. Qxa7+ Kh6 31. Qb6 1-0

[Event "Val Thorens op"]
[Site "Val Thorens"]
[Date "2009.??.??"]
[Round "2"]
[White "Achereiner, Guillaume"]
[Black "Gresh, Nohad"]
[Result "0-1"]
[WhiteElo "2051"]
[BlackElo "1970"]
[PlyCount "66"]
[EventDate "2009.07.18"]
[EventType "swiss"]
[EventRounds "9"]
[EventCountry "FRA"]
[SourceTitle "CBM 131 Extra"]
[Source "ChessBase"]
[SourceDate "2009.09.03"]
[SourceVersion "2"]
[SourceVersionDate "2009.09.16"]
[SourceQuality "1"]

1. d4 d5 2. Nf3 Nf6 3. c4 c6 4. Nc3 e6 5. Bg5 dxc4 6. e4 b5 7. e5 h6 8. Bh4 g5 9. Nxg5 Nd5 10. Nxf7 Qxh4 11. Nxh8 Bb4 12. Rc1 c5 13. dxc5 Nd7 14. Be2 Nxe5 15. Bh5+ Ke7 16. 0-0 Bb7 17. Qe2 Rg8 18. Qe4 Qxe4 19. Nxe4 Nf4 20. Ng6+ Nexg6 21. Ng3 Nxh5 22. Nxh5 Ne5 23. Ng3 Nd3 24. Rc2 Bxc5 25. b3 Bd5 26. bxc4 bxc4 27. Rd1 Bb6 28. Kf1 h5 29. f3 h4 30. Ne2 h3 31. Ng1 Bxg1 32. Kxg1 Bxf3 33. Rdd2 Bxg2 0-1

[Event "Val Thorens op"]
[Site "Val Thorens"]
[Date "2009.??.??"]
[Round "1"]
[White "Horvath, Jozsef"]
[Black "Achereiner, Guillaume"]
[Result "1-0"]
[WhiteElo "2567"]
[BlackElo "2051"]
[PlyCount "56"]
[EventDate "2009.07.18"]
[EventType "swiss"]
[EventRounds "9"]
[EventCountry "FRA"]
[SourceTitle "CBM 131 Extra"]
[Source "ChessBase"]
[SourceDate "2009.09.03"]
[SourceVersion "2"]
[SourceVersionDate "2009.09.16"]
[SourceQuality "1"]

1. c4 e6 2. Nf3 Nf6 3. g3 d5 4. b3 b6 5. cxd5 exd5 6. Bg2 Bd6 7. Bb2 0-0 8. 0-0 Bb7 9. Nc3 a6 10. Qc2 Nbd7 11. d4 Re8 12. e3 b5 13. Rfd1 b4 14. Na4 Ne4 15. Ne5 Nc3 16. Bxc3 bxc3 17. Nxd7 Qxd7 18. Qxc3 Qg4 19. Nc5 Bc8 20. Bxd5 Ra7 21. Bg2 h5 22. e4 c6 23. e5 Bxc5 24. Qxc5 Rd7 25. h3 Qe2 26. Qxc6 Rdd8 27. Qc3 Bf5 28. Rd2 Qb5 1-0

[Event "FRA-ch op-A"]
[Site "Pau"]
[Date "2008.08.17"]
[Round "6"]
[White "Achereiner, Guillaume"]
[Black "Brih, Touatia"]
[Result "1/2-1/2"]
[WhiteElo "2025"]
[BlackElo "1934"]
[PlyCount "89"]
[EventDate "2008.08.11"]
[EventType "swiss"]
[EventRounds "9"]
[EventCountry "FRA"]
[SourceTitle "CBM 126 Extra"]
[Source "ChessBase"]
[SourceDate "2008.11.05"]
[SourceVersion "1"]
[SourceVersionDate "2008.11.05"]
[SourceQuality "1"]

1. d4 c5 2. d5 e5 3. e4 d6 4. c4 Be7 5. Bd3 Na6 6. a3 Nf6 7. Ne2 Qa5+ 8. Nbc3 0-0 9. Ng3 Rb8 10. Bd2 Qd8 11. Nb5 Ra8 12. 0-0 Nc7 13. Nxc7 Qxc7 14. f4 exf4 15. Bxf4 Ng4 16. Nf5 Ne5 17. Bxe5 dxe5 18. Qd2 Qd8 19. Qf2 Bxf5 20. Qxf5 Bf6 21. Kh1 Qb6 22. Qf2 a5 23. Rad1 Bg5 24. Qf5 Bf4 25. g3 g6 26. Qd7 Bg5 27. h4 Rad8 28. Qb5 Qxb5 29. cxb5 Be7 30. Bc4 Kg7 31. Kg2 b6 32. h5 Rd6 33. Rf3 f5 34. hxg6 hxg6 35. Re1 Rdf6 36. exf5 Rxf5 37. Rxf5 Rxf5 38. g4 Rf4 39. Be2 Bh4 40. Rf1 Rd4 41. Rd1 Kf6 42. Rxd4 exd4 43. Kf3 Ke5 44. a4 Kxd5 45. b3 1/2-1/2

[Event "FRA-ch U20"]
[Site "La Roche sur Yon"]
[Date "2008.04.26"]
[Round "8"]
[White "Congiu, Mathilde"]
[Black "Achereiner, Guillaume"]
[Result "1-0"]
[WhiteElo "2190"]
[BlackElo "1991"]
[PlyCount "91"]
[EventDate "2008.04.21"]
[EventType "swiss"]
[EventRounds "9"]
[EventCountry "FRA"]
[SourceTitle "EXT 2010"]
[Source "ChessBase"]
[SourceDate "2010.11.25"]
[SourceVersion "1"]
[SourceVersionDate "2010.11.25"]
[SourceQuality "1"]

1. e4 e5 2. Nf3 Nf6 3. Nxe5 d6 4. Nf3 Nxe4 5. d4 d5 6. h3 c5 7. Bd3 Nc6 8. 0-0 Be6 9. Re1 cxd4 10. Bxe4 dxe4 11. Rxe4 Be7 12. Nxd4 Nxd4 13. Rxd4 Qb6 14. Nc3 0-0 15. Rb1 Bf6 16. Rd6 Rfd8 17. Rxb6 Rxd1+ 18. Nxd1 axb6 19. a3 Ba2 20. Ra1 Rxa3 21. Bg5 Be5 22. Rc1 Ra8 23. b3 Rc8 24. Be3 f5 25. f4 Bf6 26. g4 g6 27. Kf2 Kf7 28. Kf3 h5 29. gxf5 gxf5 30. Bd2 b5 31. Ne3 Rd8 32. Ba5 Ra8 33. Bd2 Rd8 34. Ke2 Re8 35. Re1 Bg7 36. Kd1 Bd4 37. Nxf5 Rxe1+ 38. Bxe1 Bc5 39. Bc3 Ba3 40. Nd4 Bd6 41. Bd2 b4 42. Bc1 Bc5 43. Be3 Bxb3 44. cxb3 Kf6 45. Kd2 Bd6 46. Kd3 1-0

[Event "Val Thorens op 33th"]
[Site "Val Thorens"]
[Date "2007.07.15"]
[Round "2"]
[White "Achereiner, Guillaume"]
[Black "Stets, Dmitry"]
[Result "0-1"]
[WhiteElo "2000"]
[BlackElo "2390"]
[PlyCount "86"]
[EventDate "2007.07.14"]
[EventType "swiss"]
[EventRounds "9"]
[EventCountry "FRA"]
[SourceTitle "EXT 2010"]
[Source "ChessBase"]
[SourceDate "2010.11.25"]
[SourceVersion "1"]
[SourceVersionDate "2010.11.25"]
[SourceQuality "1"]

1. Nf3 Nf6 2. g3 g6 3. Bg2 Bg7 4. 0-0 0-0 5. c4 d6 6. d4 Nbd7 7. Nc3 e5 8. e4 a6 9. Qc2 Rb8 10. dxe5 dxe5 11. Rd1 Re8 12. c5 Qe7 13. b4 b6 14. c6 Nf8 15. Bg5 Qe6 16. Bxf6 Bxf6 17. Nd5 Bd8 18. Nh4 f6 19. a4 Qf7 20. Bf1 Kh8 21. a5 b5 22. Qc5 Ra8 23. Nb6 Ne6 24. Qd5 cxb6 25. c7 Bxc7 26. Qxa8 bxa5 27. bxa5 Nd4 28. Qa7 Qe7 29. Rac1 Bd8 30. Qxe7 Bxe7 31. Rd3 Bb7 32. f3 Bd8 33. Ra3 b4 34. Ra4 Be7 35. Rc7 Bc6 36. Rxc6 Nxc6 37. Bxa6 b3 38. Ra1 Ra8 39. Bd3 Rd8 40. Be2 Rd2 41. Kf1 Nd4 42. Bd1 b2 43. Rb1 Nc2 0-1

[Event "Metz op 24th"]
[Site "Metz"]
[Date "2006.04.25"]
[Round "4"]
[White "Achereiner, Guillaume"]
[Black "Marchal, Jeremy"]
[Result "1-0"]
[WhiteElo "1968"]
[BlackElo "2083"]
[PlyCount "161"]
[EventDate "2006.04.22"]
[EventType "swiss"]
[EventRounds "9"]
[EventCountry "FRA"]
[SourceTitle "EXT 2007"]
[Source "ChessBase"]
[SourceDate "2006.11.23"]
[SourceVersion "1"]
[SourceVersionDate "2006.11.23"]
[SourceQuality "1"]

1. d4 Nf6 2. c4 g6 3. Nc3 Bg7 4. e4 d6 5. h3 Nbd7 6. Nf3 0-0 7. Be2 c6 8. 0-0 Ne8 9. Be3 Nc7 10. Qd2 Re8 11. Nh2 d5 12. cxd5 cxd5 13. e5 f6 14. f4 f5 15. h4 Rb8 16. h5 b5 17. Rf3 b4 18. Nd1 b3 19. Rg3 a5 20. Nc3 Rb4 21. axb3 Rxb3 22. Qc2 Rb4 23. Rxa5 e6 24. hxg6 h6 25. Nf3 Na6 26. Ra3 Qb6 27. Na4 Qd8 28. Bd2 Rb8 29. Rb3 Bb7 30. Bb5 Re7 31. Nc5 Ndxc5 32. dxc5 Qc8 33. Bxa6 Bxa6 34. Rxb8 Qxb8 35. c6 Qb6+ 36. Kh2 Rc7 37. Ne1 Rxc6 38. Rc3 Rxc3 39. Bxc3 Bf8 40. g4 Qd8 41. Kg3 fxg4 42. Kxg4 Qb6 43. Nf3 h5+ 44. Kg3 Qe3 45. Bd4 Qd3 46. Qxd3 Bxd3 47. Ng5 Bf5 48. Kh4 Be7 49. Kxh5 Kg7 50. Nf3 Bd3 51. Bc3 Be4 52. Nd4 Bxg6+ 53. Kg4 Kf7 54. b4 Bd3 55. f5 exf5+ 56. Nxf5 Bf8 57. Nd4 Bg7 58. Nb3 Bf8 59. Kf3 Bc4 60. Nd2 Bb5 61. Nb3 Bc4 62. Na5 Bb5 63. Ke3 Ke6 64. Kd4 Ba6 65. Nc6 Bc4 66. Nd8+ Ke7 67. Nb7 Ke6 68. Nc5+ Ke7 69. Na4 Ke6 70. Nb6 Ba2 71. b5 Bg7 72. Kc5 Bxe5 73. Bxe5 Kxe5 74. Nd7+ Ke6 75. Nf8+ Ke7 76. b6 Kd8 77. Ne6+ Kc8 78. Kc6 d4 79. b7+ Kb8 80. Nc5 Be6 81. Na6+ 1-0

[Event "FRA-chT Top 16 GpB"]
[Site "France"]
[Date "2006.04.01"]
[Round "6"]
[White "Vallin, Guillaume"]
[Black "Achereiner, Guillaume"]
[Result "1-0"]
[WhiteElo "2414"]
[BlackElo "1949"]
[PlyCount "63"]
[EventDate "2006.03.03"]
[EventType "team-tourn"]
[EventRounds "7"]
[EventCountry "FRA"]
[SourceTitle "CBM 111 Extra"]
[Source "ChessBase"]
[SourceDate "2006.05.09"]
[SourceVersion "1"]
[SourceVersionDate "2006.05.09"]
[SourceQuality "1"]
[WhiteTeam "Gonfreville"]
[BlackTeam "Nancy"]
[WhiteTeamCountry "FRA"]
[BlackTeamCountry "FRA"]

1. d4 e6 2. c4 c5 3. d5 exd5 4. cxd5 d6 5. Nc3 Nf6 6. e4 g6 7. f4 Bg7 8. Bb5+ Nfd7 9. Be2 0-0 10. Nf3 Re8 11. 0-0 a6 12. a4 Bxc3 13. bxc3 Nf6 14. Nd2 Qa5 15. Nc4 Qd8 16. e5 dxe5 17. fxe5 Nxd5 18. Bf3 Nc7 19. Qxd8 Rxd8 20. Bg5 Re8 21. Nd6 Rxe5 22. Nxc8 Rxg5 23. Bxb7 Nc6 24. Bxa8 Nxa8 25. Rab1 Rd5 26. Nb6 Nxb6 27. Rxb6 Ne5 28. Rxa6 Rd3 29. Ra1 Rxc3 30. a5 Nd3 31. Ra8+ Kg7 32. a6 1-0

[Event "FRA-ch U18"]
[Site "Calvi"]
[Date "2005.04.20"]
[Round "5"]
[White "Achereiner, Guillaume"]
[Black "Soyez, Cyril"]
[Result "0-1"]
[WhiteElo "2036"]
[BlackElo "2189"]
[PlyCount "66"]
[EventDate "2005.04.??"]
[EventType "swiss"]
[EventRounds "9"]
[EventCountry "FRA"]
[SourceTitle "EXT 2006"]
[Source "ChessBase"]
[SourceDate "2005.11.24"]
[SourceVersion "1"]
[SourceVersionDate "2005.11.24"]
[SourceQuality "1"]

1. d4 g6 2. e4 Bg7 3. f4 c5 4. Nf3 cxd4 5. Nxd4 Nc6 6. c3 Qb6 7. e5 Nh6 8. Na3 Nxd4 9. Qxd4 Qxd4 10. cxd4 d6 11. Bd3 0-0 12. Nc2 Bf5 13. Bxf5 Nxf5 14. Bd2 dxe5 15. fxe5 Rfd8 16. Bc3 h5 17. Kf2 e6 18. Rad1 Rd7 19. Ne3 Nxe3 20. Kxe3 Rad8 21. Rhf1 Bf8 22. h4 b5 23. a3 b4 24. axb4 Rb8 25. Ra1 Bxb4 26. Ra2 Be7 27. g3 Bd8 28. Kf4 Rb5 29. Ra4 Bb6 30. g4 hxg4 31. Kxg4 Rbd5 32. h5 gxh5+ 33. Kxh5 Bxd4 0-1